banner-ar

خط الاستواء / (Record no. 36937)

MARC details
000 -الفاتح
حقل البيانات ثابتة الطول 00718nam a2200241Ia 4500
008 - عناصر البيانات ثابتة الطول - معلومات عامة
حقل البيانات ثابتة الطول 140319s9999 xx 000 0 ara d
040 ## - مصدر الفهرسة
وكالة الفهرسة الأصلية GCL /
وكالة النسخ GCL
082 04 - رقم تصنيف ديوى العشرى
رقم التصنيف ق
رقم المادة 962.41
-- ع خ
100 1# - المدخل الرئيسى - إسم شخصى
الإسم الشخصى عمر طوسون
245 10 - بيان العنوان
العنوان خط الاستواء /
بيان المسئوليه,etc عمر طوسون
300 ## - الوصف المادى
التعداد 448 ص
490 ## - بيان السلسلة
عنوان السلسلة
650 04 - المدخل الاضافى بالموضوع-مصطلح موضوعى
مصطلح موضوعي السودان
650 04 - المدخل الاضافى بالموضوع-مصطلح موضوعى
مصطلح موضوعي الجغرافيا
650 04 - المدخل الاضافى بالموضوع-مصطلح موضوعى
مصطلح موضوعي المنطقة الاستوائية
650 04 - المدخل الاضافى بالموضوع-مصطلح موضوعى
مصطلح موضوعي البعثات الاستكشافية
650 04 - المدخل الاضافى بالموضوع-مصطلح موضوعى
مصطلح موضوعي خط الاستواء
650 04 - المدخل الاضافى بالموضوع-مصطلح موضوعى
مصطلح موضوعي وصف ورحلات
650 04 - المدخل الاضافى بالموضوع-مصطلح موضوعى
مصطلح موضوعي الكشوف الجغرافية
942 ## - عناصر المدخل الإضافي( كوها)
مصدر التصنيف او مخطط الترفيف Dewey Decimal Classification
Koha [default] item type كتاب
260 ## - PUBLICATION, DISTRIBUTION, ETC. (IMPRINT)
-- [S.N] :
-- الهيئة المصرية العامة للكتاب
Holdings
حالة التراجع حالة الفقد حالة تلف ليس للاعارة المكان المؤقت الموقع الحالى تاريخ الاكتساب اجمالي اﻻعارات رقم الطلب الباركود تاريخ اخر مشاهدة تاريخ تفعيل السعر نوع وعاء كوها
        مكتبة القاهرة الكبرى مكتبة القاهرة الكبرى 03/26/2014   ق\962.41\ع خ 89824 03/26/2014 03/26/2014 كتاب

Powered By

EGPV